Worlds Easiest Quiz - Statistics

General Stats
  • This quiz has been taken 58 times
    51 since last reset
  • The average score is 8 of 10
Answer Stats
Question Answer % Correct
What colour is a banana? Yellow
93%
What do you put on an envelope to post it? Stamp
91%
What is the yellow part inside an egg? Yolk
89%
What colour is usually on the spots of a ladybird? Black
85%
Which continent would you find the country "India?" Asia
83%
What does a thermometer measure? Temperature
83%
What year did WWII start? 1939
80%
What electronic brand shares a name with a fruit? Apple
78%
What is the largest bird? Ostrich
78%
Which country did Germany annex to start WWII? Poland
74%
No matching quizzes found
Score Distribution
Percent of People with Each Score
Percentile by Number Answered
Your Score History
You have not taken this quiz since the last reset